000 00617nam a2200241Ia 4500
003 OSt
005 20221007072313.0
006 a|||||r|||| 00| 0
007 ta
008 221006b |||||||| |||| 00| 0 eng d
024 _a24,033
037 _cTheseses
040 _aFLL
_cFLL
_beng
041 _2eng
_aeng
082 _aZ3:5, J81.2
100 _aTurner J. W. Cecil
245 0 _aRussel on crime
250 _a11th
260 _aLondon
_bStevens & Sons Limited UK
_c1958
300 _ax,1843,56p
_ccm.
942 _hZ3:5, J81.2
_cDIS
_2CC
999 _c1145691
_d1145691